Language Quiz

Random Language or German Quiz

German - Singular pronouns and verbs Quiz Stats

Quiz not verified by Sporcle

Challenge
Share
Tweet
Embed
Score 0/10 Timer 04:00
0 Plays Today
English German % Correct
I go / I am going / I do goich gehe
99.3%
you go / you are going / you do godu gehst
90.7%
he goes / he is going / he does goer geht
84.3%
she goes / she is going / she does gosie geht
83.1%
it goes / it is going / it does goes geht
80.1%
I say / I am saying / I do sayich sage
78.7%
you say / you are saying / you do saydu sagst
76.2%
he says / he is saying / he does sayer sagt
76.2%
she says / she is saying / she does saysie sagt
76%
it says / it is saying / it does sayes sagt
74.3%

You're not logged in!

Compare scores with friends on all Sporcle quizzes.
Join for Free
OR
Log In

You Might Also Like...

Show Comments

Extras

Top Quizzes Today


Score Distribution

Your Account Isn't Verified!

In order to create a playlist on Sporcle, you need to verify the email address you used during registration. Go to your Sporcle Settings to finish the process.

Report this User

Report this user for behavior that violates our Community Guidelines.

Details: